000 01218nam0a22003251 4500
001 rc\3440723
005 20130115142452.6
021 _aRU
_b[74-42949]
035 _a(NLR Aleph) 007590222
090 _a5603308
_c5603308
100 _a20130115d1974 |||y0rusy50 ca
101 0 _arus
102 _aRU
105 _aab z |||||
200 1 _aГерметизация полимерными материалами в радиоэлектронике
210 _aМосква
_cЭнергия
_d1974
215 _a303 с.
_cил., карт.
_d20
300 _aНа обороте тит. л. авт.: Б.М. Тареев, Л.В. Яманова, В.А. Волков, Н.Н. Ивлиев
320 _aСписок лит.: с. 289-301 (192 назв.)
606 _aРадиоэлектронная аппаратура
_xГерметизация
_2psbo
606 _aГерметики полимерные
_2psbo
701 1 _aЯманова
_bЛ. В.
701 1 _aВолков
_bВ. А.
701 1 _aИвлев
_bН. Н.
701 1 _aТареев
_bБ. М.
_gБорис Михайлович
801 0 _aRU
_bNLR
_gpsbo
801 1 _aRU
_bELAR
_2rusmarc
852 _aNLR
_j73-3/13839
942 _cBOOK
980 _aNB